[Event "Titled Tuesday intern op 31st May Late"]
[Site "Chess.com INT"]
[Date "2022.05.31"]
[Round "5"]
[White "Jovic, Stevan"]
[Black "Manukian, Artak"]
[Result "1-0"]
[WhiteElo "1910"]
[BlackElo "2196"]
[PlyCount "129"]
[EventDate "2022.05.31"]
[EventType "swiss (blitz)"]
[EventRounds "11"]
[EventCountry "USA"]
[SourceTitle "CBM 208 Extra"]
[Source "ChessBase"]
[SourceDate "2022.07.31"]
[SourceVersion "1"]
[SourceVersionDate "2022.07.31"]
[SourceQuality "1"]

1. d4 Nf6 2. c4 e6 3. Nc3 d5 4. Bg5 Be7 5. e3 h6 6. Bh4 b6 7. cxd5 Nxd5 8. Bxe7 Qxe7 9. Nxd5 exd5 10. Nf3 Bg4 11. Qa4+ Bd7 12. Qc2 Qb4+ 13. Qd2 Qxd2+ 14. Kxd2 f6 15. Bd3 g5 16. Rac1 c6 17. h4 g4 18. Ne1 Ke7 19. g3 Kd6 20. Ng2 Be6 21. Nf4 Bf7 22. h5 Nd7 23. Bf5 Rhg8 24. Rh4 Rg5 25. Bxg4 f5 26. Bf3 Nf6 27. a3 a5 28. Ke2 a4 29. Kd2 Ra5 30. Rc2 Rb5 31. Kc1 Ra5 32. Nd3 Bxh5 33. Bxh5 Rxh5 34. Rxh5 Nxh5 35. Ne5 c5 36. Nf7+ Ke6 37. Nxh6 Nf6 38. dxc5 bxc5 39. f3 c4 40. g4 fxg4 41. Nxg4 Nxg4 42. fxg4 Ke5 43. Rf2 Ra8 44. Rf5+ Ke4 45. Kd2 Rb8 46. Rf4+ Ke5 47. Kc2 Rb3 48. Rf8 Rxe3 49. Re8+ Kf4 50. Rxe3 Kxe3 51. g5 Ke2 52. g6 d4 53. g7 d3+ 54. Kc3 d2 55. g8Q d1Q 56. Qg4+ Ke1 57. Qxd1+ Kxd1 58. Kxc4 Kc2 59. Kb4 Kxb2 60. Kxa4 Kc3 61. Kb5 Kd4 62. a4 Kd5 63. Kb6 Kd6 64. Kb7 Kd7 65. a5 1-0

[Event "Titled Tuesday intern op 31st May Late"]
[Site "Chess.com INT"]
[Date "2022.05.31"]
[Round "3"]
[White "Kozin, Yuri"]
[Black "Jovic, Stevan"]
[Result "1-0"]
[WhiteElo "2251"]
[BlackElo "1910"]
[PlyCount "207"]
[EventDate "2022.05.31"]
[EventType "swiss (blitz)"]
[EventRounds "11"]
[EventCountry "USA"]
[SourceTitle "CBM 208 Extra"]
[Source "ChessBase"]
[SourceDate "2022.07.31"]
[SourceVersion "1"]
[SourceVersionDate "2022.07.31"]
[SourceQuality "1"]

1. e4 c6 2. d4 d5 3. exd5 cxd5 4. c4 Nf6 5. Nc3 Nc6 6. Bg5 dxc4 7. d5 Ne5 8. Qd4 h6 9. Be3 Nd3+ 10. Bxd3 cxd3 11. Qxd3 g6 12. Nf3 Bg7 13. 0-0 0-0 14. h3 a6 15. Rad1 b5 16. Ne5 Bb7 17. a3 Rc8 18. Qd2 Kh7 19. h4 Qd6 20. Bf4 Nh5 21. Nd3 Nxf4 22. Nxf4 Bxc3 23. bxc3 Qxa3 24. Rc1 Rcd8 25. h5 g5 26. Qd3+ Kg7 27. Qd4+ Kh7 28. Qe4+ Kg7 29. Qe5+ Kh7 30. Qf5+ Kg7 31. Ne6+ fxe6 32. Qg6+ Kh8 33. Qxh6+ Kg8 34. Qxg5+ Kh8 35. Qh6+ Kg8 36. Qxe6+ Rf7 37. Rfd1 Qd6 38. Qe3 Rdf8 39. f3 Qf4 40. Qe6 Kh8 41. Rc2 Qg5 42. Rf2 Bc8 43. Qe4 Bf5 44. Qe2 Bd7 45. d6 e6 46. g4 a5 47. Rd4 a4 48. Qe4 Rf4 49. Qe2 Rxd4 50. cxd4 b4 51. Qc4 a3 52. Qxb4 Qc1+ 53. Kg2 Ra8 54. Qb7 Qc6 55. Qb1 Qd5 56. Ra2 Qxd6 57. Qa1 Kg8 58. h6 Bc6 59. Qc1 Bd5 60. Qg5+ Kf8 61. Qg7+ Ke8 62. h7 Qf8 63. h8Q Qxh8 64. Qxh8+ Kd7 65. Qg7+ Kc6 66. Ra1 a2 67. Qe5 Kb5 68. Qe2+ Kb6 69. Qb2+ Kc6 70. Rc1+ Kd7 71. Qb5+ Ke7 72. g5 Kf7 73. Qc5 Kg6 74. Qd6 a1Q 75. Rxa1 Rxa1 76. Qe5 Ra3 77. Qf6+ Kh7 78. Qh6+ Kg8 79. g6 Rxf3 80. Qh7+ Kf8 81. g7+ Ke7 82. g8Q+ Rf7+ 83. Kh2 Rxh7+ 84. Qxh7+ Kd6 85. Qg7 Kc6 86. Qe5 Kb5 87. Kg3 Kc4 88. Kf4 Kd3 89. Kg5 Kc3 90. Kf6 Kd3 91. Ke7 Kc4 92. Kd6 Kd3 93. Kc5 Kc3 94. Qh2 Kd3 95. Qg3+ Ke4 96. Kb4 Kxd4 97. Qf4+ Kd3 98. Kc5 Kc3 99. Qd4+ Kc2 100. Qe3 Kd1 101. Qf2 Bb3 102. Kb4 Bd5 103. Kc3 e5 104. Qd2# 1-0

[Event "Gligoric Cup 5th"]
[Site "Novi Sad"]
[Date "2018.11.06"]
[Round "4.5"]
[White "Stojanovic, Branko"]
[Black "Jovic, Stevan"]
[Result "1/2-1/2"]
[WhiteElo "2173"]
[BlackElo "2163"]
[PlyCount "120"]
[EventDate "2018.11.04"]
[EventType "team-swiss"]
[EventRounds "5"]
[EventCountry "SRB"]
[SourceTitle "CBM 187 Extra"]
[Source "ChessBase"]
[SourceDate "2018.11.04"]
[SourceVersion "1"]
[SourceVersionDate "2018.11.04"]
[SourceQuality "1"]
[WhiteTeam "Novi Sad 64"]
[BlackTeam "Backi Petrovac Mladost"]
[WhiteTeamCountry "SRB"]
[BlackTeamCountry "SRB"]

1. e4 c6 2. d4 d5 3. exd5 cxd5 4. Bd3 Nf6 5. h3 Nc6 6. c3 g6 7. Nf3 Bg7 8. Bf4 0-0 9. 0-0 a6 10. Re1 b5 11. Nbd2 Qb6 12. Ne5 Nxe5 13. Bxe5 b4 14. Qb3 a5 15. a3 Be6 16. Nf3 Ne4 17. Bxg7 Kxg7 18. c4 dxc4 19. Bxc4 Bxc4 20. Qxc4 f5 21. Qe2 b3 22. Rad1 Rac8 23. Rc1 Rc6 24. Rxc6 Qxc6 25. Nd2 Nxd2 26. Qxd2 Qc7 27. Re5 Rc8 28. Rc5 Qd8 29. Qc3 Ra8 30. d5+ Kf7 31. Qxb3 Qd6 32. Rc6 Rb8 33. Qc4 Qd7 34. b4 axb4 35. axb4 Rd8 36. d6+ Qe6 37. dxe7 Rd1+ 38. Kh2 Qxc4 39. Rxc4 Rb1 40. Kg3 Kxe7 41. Kf4 Rb2 42. Ke3 g5 43. g3 h5 44. h4 Rb3+ 45. Kd4 gxh4 46. gxh4 Rf3 47. Ke5 Rxf2 48. Rf4 Rg2 49. Rxf5 Rb2 50. Rf4 Kd7 51. Kd5 Rg2 52. b5 Rh2 53. Rc4 Rb2 54. Kc5 Kc7 55. Rf4 Rc2+ 56. Kd5 Kb6 57. Rf5 Rc5+ 58. Ke6 Kxb5 59. Rf4 Rc4 60. Kf5 Rxf4+ 1/2-1/2

[Event "Novi Sad TS IM 81st"]
[Site "Novi Sad"]
[Date "2018.07.03"]
[Round "6"]
[White "Jovic, Stevan"]
[Black "Rogac, Srdjan"]
[Result "1/2-1/2"]
[WhiteElo "2165"]
[BlackElo "2316"]
[PlyCount "35"]
[EventDate "2018.06.30"]
[EventType "tourn"]
[EventRounds "11"]
[EventCountry "SRB"]
[SourceTitle "CBM 185 Extra"]
[Source "ChessBase"]
[SourceDate "2018.07.29"]
[SourceVersion "1"]
[SourceVersionDate "2018.07.29"]
[SourceQuality "1"]

1. d4 Nf6 2. Bf4 e6 3. e3 c5 4. Nf3 b6 5. c3 Bb7 6. Bd3 h6 7. h3 Be7 8. Nbd2 0-0 9. 0-0 cxd4 10. cxd4 Nc6 11. a3 Rc8 12. Rc1 d6 13. Qe2 Qc7 14. Rfd1 Qb8 15. e4 e5 16. dxe5 Nxe5 17. Nxe5 dxe5 18. Be3 1/2-1/2

[Event "Novi Sad TS IM 81st"]
[Site "Novi Sad"]
[Date "2018.07.02"]
[Round "4"]
[White "Dimitrijevic, Nenad"]
[Black "Jovic, Stevan"]
[Result "1-0"]
[WhiteElo "2254"]
[BlackElo "2165"]
[PlyCount "55"]
[EventDate "2018.06.30"]
[EventType "tourn"]
[EventRounds "11"]
[EventCountry "SRB"]
[SourceTitle "CBM 185 Extra"]
[Source "ChessBase"]
[SourceDate "2018.07.29"]
[SourceVersion "1"]
[SourceVersionDate "2018.07.29"]
[SourceQuality "1"]

1. Nf3 c6 2. e4 d5 3. Nc3 Bg4 4. h3 Bh5 5. exd5 cxd5 6. Bb5+ Nc6 7. g4 Bg6 8. Ne5 Rc8 9. d4 e6 10. Qe2 Bd6 11. h4 f6 12. Nxg6 hxg6 13. Qxe6+ Nge7 14. Nxd5 Kf8 15. Nxe7 Qxe7 16. Qxe7+ Kxe7 17. Bxc6 Rxc6 18. c3 Kf7 19. Be3 a6 20. Kd2 f5 21. f3 Bg3 22. Bg5 Re8 23. Rhg1 Bb8 24. Rae1 Rce6 25. Rxe6 Rxe6 26. d5 Rd6 27. c4 Ba7 28. Re1 1-0

[Event "Skopje U2200 op"]
[Site "Skopje"]
[Date "2017.12.10"]
[Round "6"]
[White "Djukic, Sandra"]
[Black "Jovic, Stevan"]
[Result "1/2-1/2"]
[WhiteElo "2096"]
[BlackElo "2171"]
[PlyCount "45"]
[EventDate "2017.12.07"]
[EventType "swiss"]
[EventRounds "7"]
[EventCountry "MKD"]
[SourceTitle "CBM 182 Extra"]
[Source "ChessBase"]
[SourceDate "2018.02.23"]
[SourceVersion "1"]
[SourceVersionDate "2018.02.23"]
[SourceQuality "1"]

1. d4 Nf6 2. c4 c5 3. d5 d6 4. e4 g6 5. Nc3 Bg7 6. f3 e6 7. Nge2 exd5 8. cxd5 0-0 9. Bg5 a6 10. a4 Nbd7 11. Ng3 h6 12. Be3 Re8 13. Be2 Ne5 14. 0-0 h5 15. Nh1 Nh7 16. Nf2 f5 17. Qd2 Qe7 18. Kh1 Bd7 19. a5 Rf8 20. Rae1 Rae8 21. exf5 Bxf5 22. Nfe4 Nf6 23. Ng5 1/2-1/2

[Event "Skopje U2200 op"]
[Site "Skopje"]
[Date "2017.12.08"]
[Round "3"]
[White "Jovic, Stevan"]
[Black "Hart, Alexander E"]
[Result "1-0"]
[WhiteElo "2171"]
[BlackElo "1953"]
[PlyCount "39"]
[EventDate "2017.12.07"]
[EventType "swiss"]
[EventRounds "7"]
[EventCountry "MKD"]
[SourceTitle "CBM 182 Extra"]
[Source "ChessBase"]
[SourceDate "2018.02.23"]
[SourceVersion "1"]
[SourceVersionDate "2018.02.23"]
[SourceQuality "1"]

1. d4 d5 2. c4 c6 3. e3 dxc4 4. Bxc4 b5 5. Bd3 Nf6 6. Nc3 e6 7. a3 a5 8. Nf3 Bb7 9. e4 b4 10. Na4 Nbd7 11. 0-0 Be7 12. Qc2 c5 13. Nxc5 Nxc5 14. dxc5 Rc8 15. axb4 axb4 16. Rd1 Rxc5 17. Bb5+ Rxb5 18. Rxd8+ Bxd8 19. Qa4 Bc6 20. Ne5 1-0

[Event "Novi Sad Fontana 13"]
[Site "Novi Sad"]
[Date "2017.11.24"]
[Round "9"]
[White "Jovic, Stevan"]
[Black "Laketic, Gojko"]
[Result "1/2-1/2"]
[WhiteElo "2255"]
[BlackElo "2370"]
[PlyCount "235"]
[EventDate "2017.11.19"]
[EventType "tourn"]
[EventRounds "9"]
[EventCountry "SRB"]
[EventCategory "1"]
[SourceTitle "CBM 181 Extra"]
[Source "ChessBase"]
[SourceDate "2017.12.12"]
[SourceVersion "1"]
[SourceVersionDate "2017.12.12"]
[SourceQuality "1"]

1. d4 Nf6 2. c4 d6 3. Nf3 Nbd7 4. Nc3 e5 5. d5 g6 6. e4 Nc5 7. Qc2 a5 8. Be3 Qe7 9. Be2 Bg7 10. Nd2 h5 11. f3 Bh6 12. Bxh6 Rxh6 13. h4 Bd7 14. Nb3 b6 15. Nxc5 bxc5 16. Qd2 Rh8 17. Bd1 a4 18. a3 Kf8 19. Bc2 Kg7 20. Kf2 Rhb8 21. Rhb1 Nh7 22. g3 f5 23. exf5 gxf5 24. f4 Qf6 25. Bd1 Be8 26. fxe5 dxe5 27. Kg2 Kh8 28. Bf3 Ra6 29. Rf1 Rab6 30. Rab1 Qg7 31. Kh2 Nf6 32. Rg1 Bd7 33. Rg2 Ng4+ 34. Bxg4 Qxg4 35. Qe3 Re8 36. Qxc5 Rg6 37. Qf2 Qxc4 38. Re1 Rg4 39. Qe2 Qc5 40. Qa6 Qd6 41. Qxd6 cxd6 42. Kg1 Reg8 43. Kf2 Kg7 44. Rc1 Rc8 45. Rgg1 Kf6 46. Ne2 Rb8 47. Rc2 Ke7 48. Re1 Kd8 49. Nc1 Rd4 50. Re3 Rxd5 51. Nd3 Rc8 52. Rxc8+ Bxc8 53. Ke1 Bd7 54. Nc1 Rd4 55. b4 f4 56. gxf4 Rxf4 57. Ne2 Rxh4 58. Nc3 Rd4 59. Rg3 h4 60. Rg8+ Ke7 61. Rg7+ Ke6 62. Ke2 h3 63. Rh7 Bc6 64. Rxh3 Rg4 65. b5 Bg2 66. Rh6+ Kd7 67. Rh7+ Kc8 68. Ra7 Rg3 69. Kd2 d5 70. Nxa4 Kb8 71. Re7 Rxa3 72. Nc5 Ra5 73. Nd7+ Kc8 74. Nxe5 Rxb5 75. Nc6 Rb6 76. Nd4 Be4 77. Rg7 Rb4 78. Ke3 Ra4 79. Rf7 Ra3+ 80. Kf4 Bg6 81. Rc7+ Kxc7 82. Nb5+ Kb6 83. Nxa3 Kc5 84. Ke3 Bh7 85. Kf4 Bg6 86. Ke5 Bd3 87. Kf4 Kd4 88. Kf3 Kc5 89. Ke3 Bg6 90. Kf4 d4 91. Ke5 Bd3 92. Kf4 Kd5 93. Kf3 Ke5 94. Kf2 Kf4 95. Ke1 Kf3 96. Kd1 Ke3 97. Ke1 Kf3 98. Kd1 Ke4 99. Ke1 Ke3 100. Kd1 Be2+ 101. Ke1 Bd3 102. Kd1 Kf4 103. Kd2 Ke4 104. Kd1 Ke3 105. Ke1 Kf3 106. Kd1 Kf4 107. Kd2 Ke4 108. Kd1 Ke3 109. Ke1 Bg6 110. Nc4+ Kd3 111. Ne5+ Kc2 112. Kf2 Be4 113. Ke1 Bd5 114. Ke2 Bb7 115. Kf2 Kd2 116. Kf1 Bd5 117. Kf2 Be4 118. Nc4+ 1/2-1/2

[Event "Novi Sad Fontana 13"]
[Site "Novi Sad"]
[Date "2017.11.22"]
[Round "5"]
[White "Popchev, Milko"]
[Black "Jovic, Stevan"]
[Result "1/2-1/2"]
[WhiteElo "2316"]
[BlackElo "2255"]
[PlyCount "20"]
[EventDate "2017.11.19"]
[EventType "tourn"]
[EventRounds "9"]
[EventCountry "SRB"]
[EventCategory "1"]
[SourceTitle "CBM 181 Extra"]
[Source "ChessBase"]
[SourceDate "2017.12.12"]
[SourceVersion "1"]
[SourceVersionDate "2017.12.12"]
[SourceQuality "1"]

1. Nf3 d5 2. g3 c6 3. Bg2 Nf6 4. 0-0 Bf5 5. b3 e6 6. Bb2 h6 7. c4 Nbd7 8. Nc3 Be7 9. d4 0-0 10. Nd2 Re8 1/2-1/2

[Event "Novi Sad Fontana 13"]
[Site "Novi Sad"]
[Date "2017.11.21"]
[Round "4"]
[White "Jovic, Stevan"]
[Black "Citra, Dewi Ardhiani Anast"]
[Result "0-1"]
[WhiteElo "2255"]
[BlackElo "2256"]
[PlyCount "48"]
[EventDate "2017.11.19"]
[EventType "tourn"]
[EventRounds "9"]
[EventCountry "SRB"]
[EventCategory "1"]
[SourceTitle "CBM 181 Extra"]
[Source "ChessBase"]
[SourceDate "2017.12.12"]
[SourceVersion "1"]
[SourceVersionDate "2017.12.12"]
[SourceQuality "1"]

1. d4 Nf6 2. g3 g6 3. Bg2 Bg7 4. e4 d6 5. Ne2 c5 6. 0-0 cxd4 7. Nxd4 Qb6 8. c3 Nc6 9. Na3 0-0 10. Nxc6 bxc6 11. h3 Ba6 12. Re1 Nd7 13. Qc2 c5 14. f4 Rab8 15. Kh2 Qa5 16. f5 Ne5 17. Rd1 c4 18. fxg6 hxg6 19. b4 cxb3 20. axb3 Rfc8 21. Bd2 Qb6 22. b4 Bd3 23. Qa4 Qf2 24. Be1 Nf3+ 0-1

[Event "Novi Sad Fontana 13"]
[Site "Novi Sad"]
[Date "2017.11.20"]
[Round "2"]
[White "Jovic, Stevan"]
[Black "Zhang, Fuhan"]
[Result "0-1"]
[WhiteElo "2255"]
[BlackElo "2005"]
[PlyCount "37"]
[EventDate "2017.11.19"]
[EventType "tourn"]
[EventRounds "9"]
[EventCountry "SRB"]
[EventCategory "1"]
[SourceTitle "CBM 181 Extra"]
[Source "ChessBase"]
[SourceDate "2017.12.12"]
[SourceVersion "1"]
[SourceVersionDate "2017.12.12"]
[SourceQuality "1"]

1. d4 Nf6 2. c4 g6 3. Nc3 d5 4. Bf4 Bg7 5. e3 0-0 6. Be2 c5 7. Nf3 Nc6 8. Ne5 cxd4 9. exd4 dxc4 10. Nxc6 bxc6 11. Bxc4 Nd5 12. Bg3 Nb6 13. Be2 Bxd4 14. Bf3 Ba6 15. Qc2 Nd5 16. Rd1 Nb4 17. Qe4 Bxc3+ 18. bxc3 Nd3+ 19. Kd2 0-1

[Event "Novi Sad TS 54th"]
[Site "Novi Sad"]
[Date "2017.11.17"]
[Round "7"]
[White "Jovic, Stevan"]
[Black "Citra, Dewi Ardhiani Anast"]
[Result "0-1"]
[WhiteElo "2255"]
[BlackElo "2256"]
[PlyCount "52"]
[EventDate "2017.11.12"]
[EventType "tourn"]
[EventRounds "9"]
[EventCountry "SRB"]
[EventCategory "1"]
[SourceTitle "CBM 181 Extra"]
[Source "ChessBase"]
[SourceDate "2017.12.12"]
[SourceVersion "1"]
[SourceVersionDate "2017.12.12"]
[SourceQuality "1"]

1. d4 Nf6 2. c4 d6 3. Nf3 Nbd7 4. Nc3 g6 5. e4 e5 6. Be2 Bg7 7. d5 0-0 8. Qc2 Nh5 9. g3 a5 10. Be3 Nc5 11. Bd3 Nxd3+ 12. Qxd3 f5 13. 0-0 fxe4 14. Qxe4 Bf5 15. Qh4 Bd3 16. Qxd8 Raxd8 17. Ng5 Bxf1 18. Rxf1 Rd7 19. Ne6 Rc8 20. f4 exf4 21. Bxf4 Nxf4 22. Rxf4 Bxc3 23. bxc3 c6 24. Rd4 cxd5 25. Rxd5 Rxc4 26. Rxa5 Rxc3 0-1

[Event "Novi Sad TS 54th"]
[Site "Novi Sad"]
[Date "2017.11.15"]
[Round "5"]
[White "Jovic, Stevan"]
[Black "Zhang, Fuhan"]
[Result "1-0"]
[WhiteElo "2255"]
[BlackElo "2005"]
[PlyCount "105"]
[EventDate "2017.11.12"]
[EventType "tourn"]
[EventRounds "9"]
[EventCountry "SRB"]
[EventCategory "1"]
[SourceTitle "CBM 181 Extra"]
[Source "ChessBase"]
[SourceDate "2017.12.12"]
[SourceVersion "1"]
[SourceVersionDate "2017.12.12"]
[SourceQuality "1"]

1. d4 Nf6 2. Bg5 Ne4 3. Bf4 c5 4. f3 Qa5+ 5. c3 Nf6 6. d5 d6 7. e4 g6 8. Qd2 h5 9. c4 Qd8 10. Nc3 Bg7 11. Bd3 Nbd7 12. Nge2 Ne5 13. h3 a6 14. Be3 0-0 15. f4 Nxd3+ 16. Qxd3 b5 17. 0-0 bxc4 18. Qxc4 h4 19. Bf2 Rb8 20. Rab1 Rb4 21. Qd3 Nxe4 22. Nxe4 Bf5 23. N2c3 Bxc3 24. Qxc3 Bxe4 25. Rbe1 Bxd5 26. Bxh4 f6 27. b3 Bf7 28. Re3 Re8 29. Be1 e5 30. fxe5 Rxe5 31. Ref3 f5 32. Qc1 Rbe4 33. Bc3 c4 34. Bxe5 dxe5 35. Rd1 Rd4 36. Rxd4 Qxd4+ 37. Qe3 Bd5 38. Qxd4 exd4 39. bxc4 Bxc4 40. a3 d3 41. Rf4 Bb5 42. Rd4 Kf7 43. Kf2 Ke6 44. h4 Ke5 45. Ke3 Bc6 46. g3 Bb5 47. Rd8 Bc4 48. Rb8 a5 49. Rb6 f4+ 50. gxf4+ Kf5 51. Rc6 Bb3 52. Rc5+ Kg4 53. Rxa5 1-0

[Event "Novi Sad TS 54th"]
[Site "Novi Sad"]
[Date "2017.11.13"]
[Round "2"]
[White "Jovic, Stevan"]
[Black "Hasman, Cengiz"]
[Result "1/2-1/2"]
[WhiteElo "2255"]
[BlackElo "2144"]
[PlyCount "23"]
[EventDate "2017.11.12"]
[EventType "tourn"]
[EventRounds "9"]
[EventCountry "SRB"]
[EventCategory "1"]
[SourceTitle "CBM 181 Extra"]
[Source "ChessBase"]
[SourceDate "2017.12.12"]
[SourceVersion "1"]
[SourceVersionDate "2017.12.12"]
[SourceQuality "1"]

1. d4 d6 2. Nf3 Nf6 3. c4 Nbd7 4. Nc3 e5 5. e4 Be7 6. d5 Nc5 7. Qc2 a5 8. b3 0-0 9. Be3 b6 10. a3 Nh5 11. Be2 g6 12. g3 1/2-1/2